000 00417nam a2200169Ia 4500
008 230524s9999 xx 000 0 und d
020 _a9788190501529
082 _a330
_bDAS
100 _aPartha Sarathi Das
245 0 _aOrganisational Behaviour
250 _a2ND
260 _aNEW DELHI
_bAlok
_c2007
300 _aIX;573
500 _aQuantity Number: 35
650 _aOrganisational Behaviour
942 _cBK
999 _c40607
_d40607